00922nam a2200253 i 450000100060000000300090000600500170001500700030003200800410003502000180007608000110009410000290010524501120013425000120024626000590025830000410031749000380035850000310039665000260042783000430045385200330049699900170052995201220054614709ES-MaACL20250824212230.0t|990526s1989 sp ||||1| spa d a84-86568-28-5 a796.861 aBroutin, C. Leon.93197010aTratado de esgrima b: el arte de la esgrima o un tratado de la ciencia del florete / cde C. Leon Broutin. a2ª ed. aMadrid : bPrensa y Ediciones Iberoamericanas, c1989. a179 p., [24] h. de lám. ; c18 cm.1 aLos Libros de doña Berta ; v16 aReprod. de la ed. de 1893.17aEsgrima2embne91245904aLos libros de doña Bertav169178268 aES-MaACLjL-21968 bR.118499 c14709d14709 00104070aATENEOMbATENEOMcDEPO2d2008-01-17eSCl0oL-21968p1014957r2023-02-23 00:00:00w2023-02-23yMONOGRAFIA